书目信息 |
| 题名: |
快速读懂民法典
|
|
| 作者: | 钟兰安 主编 | |
| 分册: | 合同编 | |
| 出版信息: | 北京 中国民主法制出版社 2021.4 |
|
| 页数: | 180页 | |
| 开本: | 22cm | |
| 丛书名: | ||
| 单 册: | ||
| 中图分类: | D923.04 , D923.64 | |
| 科图分类: | ||
| 主题词: | 民法--min fa--法典--中国--学习参考资料 , 合同法--he tong fa--中国--学习参考资料 | |
| 电子资源: | ||
| ISBN: | 978-7-5162-2191-4 | |
| 000 | 00916nam0 2200277 450 | |
| 001 | 2156220002 | |
| 005 | 20211011172911.0 | |
| 010 | @a978-7-5162-2191-4@dCNY39.80 | |
| 100 | @a20210716d2021 em y0chiy0120 ea | |
| 101 | 0 | @achi |
| 102 | @aCN@b110000 | |
| 105 | @aa z 000yy | |
| 106 | @ar | |
| 200 | 1 | @a快速读懂民法典@Akuai su du dong min fa dian@i合同编@e一纸契约保权益@f钟兰安主编 |
| 210 | @a北京@c中国民主法制出版社@d2021.4 | |
| 215 | @a180页@c图@d22cm | |
| 330 | @a本书讲述了民法典中“合同编”的基本内容,通过故事案例来阐释法律条文。 | |
| 517 | 1 | @a合同编@Ahe tong bian |
| 517 | 1 | @a一纸契约保权益@Ayi zhi qi yue bao quan yi |
| 606 | 0 | @a民法@Amin fa@x法典@y中国@j学习参考资料 |
| 606 | 0 | @a合同法@Ahe tong fa@y中国@j学习参考资料 |
| 690 | @aD923.04@v5 | |
| 690 | @aD923.64@v5 | |
| 701 | 0 | @a钟兰安@Azhong lan an@4主编 |
| 801 | 0 | @aCN@b百万庄@c20211005 |
| 905 | @b1304390-93@dD923.04@e2197@f4 | |
| 快速读懂民法典.合同编:一纸契约保权益/钟兰安主编.-北京:中国民主法制出版社,2021.4 |
| 180页:图;22cm |
| ISBN 978-7-5162-2191-4:CNY39.80 |
| 本书讲述了民法典中“合同编”的基本内容,通过故事案例来阐释法律条文。 |
| ● |
| 相关链接 |
|
|
|
|
正题名:快速读懂民法典
索取号:D923.04/2197
 
预约/预借
| 序号 | 登录号 | 条形码 | 馆藏地/架位号 | 状态 | 备注 |
| 1 | 1304390 | 213043909 | 第一样本阅览室/ [索取号:D923.04/2197] | 在馆 | |
| 2 | 1304391 | 213043918 | 第一借阅区/ [索取号:D923.04/2197] | 在馆 | |
| 3 | 1304392 | 213043927 | 第一借阅区/ [索取号:D923.04/2197] | 在馆 | |
| 4 | 1304393 | 213043936 | 第一借阅区/ [索取号:D923.04/2197] | 在馆 |